Emotional intelligence (Record no. 322090)
[ view plain ]
| 000 -LEADER | |
|---|---|
| fixed length control field | 00249 a2200109 4500 |
| 001 - CONTROL NUMBER | |
| control field | 87017 |
| 003 - CONTROL NUMBER IDENTIFIER | |
| control field | NUST |
| 005 - DATE AND TIME OF LATEST TRANSACTION | |
| control field | 20180124121959.0 |
| 008 - FIXED-LENGTH DATA ELEMENTS--GENERAL INFORMATION | |
| fixed length control field | 180124b xxu||||| |||| 00| 0 eng d |
| 082 ## - DEWEY DECIMAL CLASSIFICATION NUMBER | |
| Classification number | 152.4 GOL |
| 100 ## - MAIN ENTRY--PERSONAL NAME | |
| Personal name | Goleman, Daniel |
| 9 (RLIN) | 9683 |
| 245 ## - TITLE STATEMENT | |
| Title | Emotional intelligence |
| Medium | English |
| 260 ## - PUBLICATION, DISTRIBUTION, ETC. | |
| Name of publisher, distributor, etc. | Bloomsbury |
| Date of publication, distribution, etc. | 1996 |
| 942 ## - ADDED ENTRY ELEMENTS (KOHA) | |
| Institution code [OBSOLETE] | AHQ |
| Call number prefix | 152.4 GOL |
| Koha item type | Book |
| Source of classification or shelving scheme | |
| Withdrawn status | Lost status | Damaged status | Not for loan | Collection code | Permanent Location | Current Location | Date acquired | Total Checkouts | Full call number | Barcode | Date last seen | Price effective from | Koha item type |
|---|---|---|---|---|---|---|---|---|---|---|---|---|---|
| College of Aeronautical Engineering (CAE) | College of Aeronautical Engineering (CAE) | 04/03/2017 | 152.4 GOL | CAE85045 | 04/05/2017 | 04/05/2017 | Book |
